{"text_format":"1","workbook":"xlsx","n_sheets":1,"sheets":["Sheet1"],"not_rendered":{"charts":0,"images":0,"macros":1,"external_links":0,"defined_names":0,"comments":0,"pivot_tables":0},"unopened":[],"bounds":{"document_bytes":16777216,"sheet_cells":100000,"rows_first":2000,"rows_last":500,"rows_between":2000,"halvings":0,"cell_chars":16384,"cell_head_chars":4096},"cells_cut":0,"cells_raw":0,"read":"whole","date_system":"1900"}

{"sheet":"Sheet1","index":0,"n_rows":293,"n_cols":8,"rows_kept":293,"cut":false,"hidden":false,"merged":[]}
["№ п/п","Наименование","Кво","Ед","Цена","Сумма с НДС","Вес нетто, кг","Вес брутто, кг"]
[1,"Аккумулятор  6CT- 35VL MACHT ASIA (пт 300)",1,"шт.",2562.83,2562.83,2.4,2.41]
[2,"Аккумулятор  6CT- 45VL MACHT Euro (низкий)(пт 360)",1,"шт.",2432.91,2432.91,2.44,2.4500000000000002]
[3,"Аккумулятор  6CT- 50VL BARS ASIA Euro (пт 450)",1,"шт.",3261.51,3261.51,11.5,11.5]
[4,"Аккумулятор  6CT- 75VL BARS ASIA Euro (пт 640)",1,"шт.",3907.14,3907.14,17,17]
[5,"Аккумулятор  6CT- 75VL UNIKUM Euro (пт 590)",1,"шт.",3181.43,3181.43,17,17]
[6,"Амортизатор (стойка) в сб. 2108 перед левая АвтоВАЗ (СААЗ,ОАТ)",1,"шт.",1666.64,1666.64,5.36,5.37]
[7,"Амортизатор (стойка) в сб. 2108 перед правая АвтоВАЗ (СААЗ,ОАТ)",1,"шт.",1666.64,1666.64,5.36,5.37]
[8,"Амортизатор (стойка) в сборе 1102 перед левая Стандарт Агат",1,"шт.",1484.5,1484.5,3.57,3.58]
[9,"Амортизатор (стойка) в сборе 1102 перед правая Стандарт Агат",1,"шт.",1484.5,1484.5,3.57,3.58]
[10,"Амортизатор 2121 перед АвтоВАЗ (СААЗ,ОАТ)",2,"шт.",481.74,963.49,2.2799999999999998,2.2999999999999998]
[11,"Амортизатор 3302 (3302-300Ams) масло ССД",4,"шт.",721,2884,9.34,9.3800000000000008]
[12,"Амортизатор Lanos перед масло (пыльн+отб+гайка) (0563-201Ams) ССД",2,"шт.",1143.04,2286.09,5.46,5.48]
[13,"Антистатик с отражателем силикон (серебро,синий)",10,"шт.",29.94,299.41000000000003,0.6,0.7]
[14,"Антифриз SINTEC зеленый EURO G11 (10кг) -40С (2шт в уп)",1,"шт.",598.55999999999995,598.55999999999995,10.16,10.39]
[15,"Антифриз SINTEC красный LUX G12 (10кг) -40С (2шт в уп)",4,"шт.",638,2552,40.28,41.18]
[16,"Антифриз STAREX красный (тосол) -40С  (1кг) (12шт в уп)",1,"шт.",49,49,1.03,1.04]
[17,"Антифриз STAREX красный (тосол) -40С  (5кг) (3шт в уп)",5,"шт.",195,975,23.1,23.22]
[18,"Антифриз STAREX красный (тосол) -40С (10кг)  (2шт в уп)",1,"шт.",369,369,9.18,9.2100000000000009]
[19,"Антифриз STAREX синий  (тосол) -40С  (5кг) (3шт в уп)",9,"шт.",189,1769.04,42.06,42.42]
[20,"Антифриз ГОСТовский (тосол) -40С  (1кг) (12шт в уп)",12,"шт.",56.18,674.16,11.88,12]
[21,"Антифриз ГОСТовский (тосол) -40С  (5кг) (3шт в уп)",3,"шт.",222.13,666.4,13.86,13.93]
[22,"Аптечка автомобильная в пласт. футляре АМ-02 Аирлайн",1,"шт.",252.35,252.35,0.28999999999999998,0.3]
[23,"Ароматизатор под сиденье \"Майами\" (пина колада) (AF-B01-PC) AIRLINE",1,"шт.",255,255,0.15,0.15]
[24,"Барабан тормозной 2108 АвтоВАЗ",4,"шт.",642.87,2571.48,15.84,15.88]
[25,"Бархотка (окантовка стекла) 2105 БРТИ",1,"к-кт",621.87,621.87,0.14000000000000001,0.15]
[26,"Бачок расширительный 1102 завод",3,"шт.",203.01,609.04,1.1100000000000001,1.1399999999999999]
[27,"Бачок расширительный 2108 (1 горлов) Мастер-М",1,"шт.",79.03,79.03,0.52,0.53]
[28,"Бачок расширительный 21083 (2 горловины) Мастер-М",1,"шт.",79.03,79.03,0.42,0.43]
[29,"Бачок расширительный ЛАНОС,СЕНС KAP",2,"шт.",367.41,734.82,1.02,1.04]
[30,"Башмак 2101 АвтоВАЗ (ВИС,ОАТ)",1,"шт.",89.5,89.5,0.35,0.36]
[31,"Башмак 2103 БРТИ",2,"шт.",61.46,122.93,0.38,0.4]
[32,"Бензонасос электрический 1103 CRB",1,"шт.",1329.66,1329.66,0.48,0.49]
[33,"Бензонасос электрический 1103 EuroEx",2,"шт.",1284.8800000000001,2569.7600000000002,0.96,0.98]
[34,"Бензонасос электрический 2110 Ст.Оскол",1,"шт.",655.08000000000004,655.08000000000004,0.32,0.33]
[35,"Бензонасос электрический 2110-12 штуцер гладкий  (SFP 0153) СтартВОЛЬТ",4,"шт.",612.15,2396.63,1.24,1.28]
[36,"Болт 10х66 цапфа ВАЗ 2101-07 длинный",5,"шт.",16.73,83.64,0.12,0.13]
[37,"Болт 10х70 краба ВАЗ 2108-09 длин. белый",10,"шт.",14.62,146.19999999999999,0.36,0.46]
[38,"Болт 12х70/80/150 реактивных тяг с гайками с/к ВАЗ 2101-07",2,"к-кт",235.22,470.44,2,2.0099999999999998]
[39,"Болт 8х40 шаровой 2121",20,"шт.",7.23,144.69,0.8,0.84]
[40,"Болт ГБЦ Lanos 1,5 8-кл.(1шт) GM",2,"шт.",56.69,113.38,0.04,0.04]
[41,"Брызговик 2101 задний левый БРТИ",4,"шт.",50.13,200.53,1.36,1.4]
[42,"Брызговик 2101 задний правый БРТИ",4,"шт.",50.41,201.64,1.36,1.4]
[43,"Вакуумный усилитель тормозов 2108 АвтоВАЗ (ДААЗ,ОАТ)",2,"шт.",823.91,1647.82,5.98,6]
[44,"Вакуумный усилитель тормозов 2110 ДААЗ",1,"шт.",828.03,828.03,2.14,2.15]
[45,"Вал рулевой 2101 ВолгаАвтоПром",2,"шт.",429.94,872.4,5.14,5.16]
[46,"Ветровики накладные 2101-07 (скотч) Azard",3,"к-кт",278.10000000000002,834.3,1.47,1.5]
[47,"Ветровики накладные 2109-099 (скотч) Azard",4,"к-кт",278.10000000000002,1112.4000000000001,1.96,2]
[48,"Ветровики накладные 2110/2170 (скотч) Azard",1,"к-кт",278.10000000000002,278.10000000000002,0.49,0.5]
[49,"Ветровики накладные 2111,2170 универсал (скотч) Azard",1,"к-кт",278.10000000000002,278.10000000000002,0.49,0.5]
[50,"Ветровики накладные 3302 (2 шт.) Azard",1,"шт.",278.10000000000002,278.10000000000002,0.49,0.5]
[51,"Винт регулировки сидений 2101-2107",1,"шт.",81.58,81.58,0.53,0.54]
[52,"Вкладыши 2101 коренные 0,50 Заволжье ОРИГИНАЛ",2,"к-кт",278.69,557.37,0.48,0.5]
[53,"Вкладыши 2101 шатунные 0,25 Заволжье ОРИГИНАЛ",2,"к-кт",230.48,460.96,0.32,0.34]
[66,"Втулка амортизатора Газ ГАЗель АРК-эконом",10,"шт.",4.43,44.35,0.93,1.03]
[67,"Втулка задн. балки (грибок) 2110 БРТИ",2,"шт.",124.34,248.68,0.14000000000000001,0.16]
[68,"Втулка заднего амортизатора 2101 (к-т) БРТИ",24,"к-кт",34.01,818.33,0.96,1.2]
[69,"Втулка рессоры (сайлент-блок) 3302 АМТ",20,"шт.",119.25,2385,8.8000000000000007,9]
[70,"Втулка стабилизатора  3302 эконом ГАЗ",20,"шт.",18.170000000000002,363.38,0.82,1.02]
[71,"Втулка стабилизатора 2101 (4шт) БРТИ",0,"к-кт",48.07," "," "," "]
[72,"Втулка стабилизатора 2108 БРТИ",2,"шт.",19.38,38.75,7.0000000000000007E-2,0.09]
[73,"Втулка стойки стабилизатора Lanos БРТИ",2,"шт.",6.63,13.27,0.06,0.08]
[74,"Втулка шестерни 21083 5й передачи АвтоВАЗ",2,"шт.",113.28,226.56,0.04,0.06]
[75,"Гайка 12 реак тяг ВАЗ 2101-07 (шаровой 2108) с/к",30,"шт.",8.67,260.06,0.6,0.66]
[76,"Герметик КЗСК  (60г.) малый (Казань) ОРИГИНАЛ",10,"шт.",30.88,327.33,0.6,0.69]
[77,"Герметик КЗСК (180г.) большой (Казань) ОРИГИНАЛ",30,"шт.",74.56,2281.54,5.4,5.67]
[78,"Гофра глушителя 45*200  2-х слойная MATIZ EuroEx",3,"шт.",304.72000000000003,914.16,0.9,0.93]
[79,"Гофра глушителя 50*100 2-х слойная  VW EuroEx",0,"шт.",208.32," "," "," "]
[80,"Гофра глушителя 50*200 2-х слойная Lanos EuroEx",2,"шт.",326.58,653.16999999999996,1.35,1.37]
[81,"Гофра глушителя 50*200 3-х слойная Lanos EuroEx",4,"шт.",400.01,1600.04,2.7,2.74]
[82,"Гофра глушителя 50*320 2-х слойная AVEO EuroEx",1,"шт.",573.30999999999995,573.30999999999995,0.37,0.38]
[83,"Гофра глушителя 55*220 3-х слойная LACETTI 1.8 EuroEx",1,"шт.",474.25,474.25,0.77,0.78]
[84,"Губка-шиншилла (AB-E-01) AIRLINE",1,"шт.",118.45,118.45,0.03,0.04]
[85,"Губка-шиншилла (варежка) оранж (AB-D-02) AIRLINE",1,"шт.",149.35,149.35,0.02,0.03]
[86,"Датчик бензобака 2101 Калуга ОРИГИНАЛ",1,"шт.",355.97,355.97,0.02,0.03]
[87,"Датчик бензобака 21083 Калуга ОРИГИНАЛ",1,"шт.",355.97,355.97,0.16,0.17]
[88,"Датчик уровня топлива 2109 (ДУТ 2-01)",1,"шт.",244.73,244.73,7.0000000000000007E-2,0.08]
[89,"Датчик уровня топлива 2109 (ДУТ 2-02)",1,"шт.",244.73,244.73,7.0000000000000007E-2,0.08]
[90,"Диск сцепления 2101 Авто ЛТД",1,"шт.",434.25,434.25,0.89,1]
[91,"Диск сцепления 406 Авто ЛТД",4,"шт.",826.47,3354.03,6.76,6.8]
[92,"Диск тормозной 2101 АвтоВАЗ",2,"шт.",547.4,1094.79,7.07,7.09]
[93,"Диск тормозной 2108 АвтоВАЗ 1шт",4,"шт.",597.87,2391.48,14.11,14.15]
[94,"Дмрв 1,5 8кл (0280218116) ДМРВ-116 АвтоТрейд",1,"шт.",2552.41,2552.41,0.42,0.43]
[95,"Домкрат ромбический 1т (AJ-R-01) AIRLINE",1,"шт.",581.95000000000005,581.95000000000005,2.66,2.67]
[96,"Жидкость промывочная МПТ-2М SINTOIL (4л)",9,"шт.",294.27,2648.43,33.299999999999997,34.31]
[97,"Жидкость тормозная  455г. SUPER DOT-4 Sintec",2,"шт.",60.5,121,0.89,0.91]
[98,"Жидкость тормозная  455г. Дзержинский DOT-4",44,"шт.",51,2320.5,19.579999999999998,20.02]
[99,"Жидкость тормозная  910г. Дзержинский DOT-4 О-П",38,"шт.",105.86,4251.38,34.200000000000003,34.58]
[100,"Жилет аварийный флюоресцентный (желтый) AIRLINE",1,"шт.",139.05000000000001,139.05000000000001,0.12,0.13]
[101,"Заглушка блока 2170 d36 АвтоВАЗ",3,"шт.",4.97,14.92,0.06,0.09]
[102,"Заглушка блока 2170 малая d30 АвтоВАЗ",3,"шт.",6.21,18.63,0.06,7.0000000000000007E-2]
[103,"Задний тормозной цилиндр 2105 (Базальт) АМТ",7,"шт.",217.06,1519.39,2.59,2.66]
[104,"Задний тормозной цилиндр 2105 АвтоВАЗ (ВИС,ОАТ)",7,"шт.",232.17,1574.07,2.59,2.66]
[105,"Задний тормозной цилиндр LANOS 1,5 АГАТ",2,"шт.",271.54000000000002,543.07000000000005,0.62,0.64]
[106,"Замок дверей 2108 наружный левый ДААЗ",2,"шт.",130.58000000000001,261.16000000000003,0.84,0.86]
[107,"Замок дверей 2108-2110 бесшумный ЛОГО-Д (2шт)",2,"к-кт",235.23,470.45,0.04,0.06]
[108,"Замок зажигания +личинки 1118 АвтоВАЗ (ДААЗ,ОАТ)",1,"к-кт",1284.75,1284.75,0.59,0.6]
[109,"Замок зажигания 2101 ЛОГО-Д",8,"шт.",215.06,1739.29,2.88,2.96]
[110,"Замок зажигания 2108 ЛОГО-Д",3,"шт.",414,1254.06,1.77,1.8]
[111,"Замок зажигания 2109 н.о. ЛОГО-Д",1,"шт.",497.99,497.99,0.59,0.6]
[112,"Замок зажигания 2110 н.о. ЛОГО-Д",1,"шт.",524.22,524.22,0.59,0.6]
[113,"Замок центральный на 2 пров. (SLA 0102) СтартВольт",1,"шт.",135.96,135.96,0.17,0.18]
[114,"Колодка тормозная задняя 2141 Начало",1,"к-кт",376.36,376.36,1.41,1.42]
[115,"Колодка тормозная задняя 24 Дафми",3,"к-кт",621.82000000000005,1865.45,3.92,3.93]
[116,"Колодка тормозная задняя 3302 без упаковки НАЧАЛО (в кор.5кмп)",10,"к-кт",648.9,6545.7,10.7,10.8]
[117,"Колодка тормозная перед 2101 Дафми INTELLI",1,"к-кт",262.35000000000002,262.35000000000002,0.78,0.8]
[118,"Колодка тормозная перед 2101 Дафми SM",2,"к-кт",216.86,433.71,1.56,1.6]
[119,"Колодка тормозная перед 2108 Дафми INTELLI",7,"к-кт",286.33999999999997,2004.38,7,7.07]
[120,"Колодка тормозная перед 2108 Дафми SM",6,"к-кт",239.43,1423.04,6,6.06]
[121,"Колодка тормозная перед 2110 Дафми SM",1,"к-кт",243.63,243.63,1,1.01]
[122,"Колодка тормозная перед 3302 Дафми INTELLI",9,"к-кт",394.97,3554.76,10.8,10.89]
[123,"Колодка тормозная перед LANOS 1.5 Дафми INTELLI",1,"к-кт",357.1,357.1,1.1599999999999999,1.17]
[124,"Колпак ступицы 2121 АвтоВАЗ",2,"шт.",84.39,168.77,0.04,0.04]
[125,"Кольца поршневые Prima 76,5 КАЛИНА 1,4",2,"к-кт",1526.89,3053.79,0.38,0.4]
[126,"Кольца поршневые Prima 77,0 КАЛИНА 1,4",1,"к-кт",1526.89,1526.89,0.33,0.35]
[127,"Кольца поршневые ВАЗ 76,8 (хром) АвтоВАЗ",1,"к-кт",690.14,690.14,0.4,0.41]
[128,"Кольца поршневые ВАЗ 79,8 (хром) АвтоВАЗ",1,"к-кт",644.14,644.14,0.19,0.2]
[129,"Кольцо глушителя , катализатора 2110 (графит) Блистер ФОРМИКА",5,"шт.",46.35,231.75,0.62,0.63]
[130,"Кольцо глушителя , катализатора металлокерамика  Блистер ФОРМИКА",1,"шт.",30.9,30.9,0.16,0.17]
[131,"Кольцо уплотнительн. модуля зажигания Lanos KAP",2,"шт.",19.010000000000002,38.03,0.03,0.03]
[132,"Кольцо форсунок 2110 (с нап. графит) 8 шт. Блистер ФОРМИКА",2,"к-кт",50.36,100.72,0.16,0.17]
[133,"Комплект шаровых 2101 (верх+низ) \"БЗАК-ПРОФИ\" 4шт. с метиз. Белебей",1,"к-кт",936.83,936.83,1.1000000000000001,1.1000000000000001]
[134,"Комплект шаровых опор 2110-1118 \"БЗАК-ПРОФИ\" с метизами Белебей",1,"к-кт",548.41999999999996,548.41999999999996,1.1499999999999999,1.1599999999999999]
[135,"Корзина сцепления 2111 (КАЛИНА 1117-1119) АвтоВАЗ (ВИС,ОАТ)",1,"шт.",1116.94,1116.94,2.84,2.89]
[136,"Краб 1102 (2шт) с ухом Запорожье",1,"к-кт",531.96,531.96,1.06,1.07]
[137,"Краб 1103 (2шт) без уха Запорожье",2,"к-кт",454.3,908.6,2,2.0099999999999998]
[138,"Краб 2108 Авто ЛТД",2,"шт.",151.37,302.74,1.4,1.42]
[139,"Краб 2108 СТАНДАРТ (оксидированный) АМТ",1,"шт.",155.82,155.82,0.71,0.72]
[140,"Кран отопителя 2101 (LV 0101) Лузар",5,"шт.",215.27,1076.3499999999999,0.6,0.65]
[141,"Кран отопителя 2101 АвтоВАЗ (ДААЗ,ОАТ)",1,"шт.",127.87,127.87,0.19,0.2]
[142,"Крестовина 2101 кардан. вала (2101-001Kk) ССД",3,"шт.",146.96,440.89,1.05,1.08]
[143,"Крестовина 2121 кардан. вала с масл.(2121-001Kk) ССД",2,"шт.",204.06,408.12,1,1.02]
[144,"Крестовина 24/3302 кардан. вала (CC 561) TRIALLI",5,"шт.",407.88,2039.4,2.5,2.5499999999999998]
[145,"Крестовина КамАЗ карданного вала задн,мал (CC 620) TRIALLI",2,"шт.",513.04,1026.08,1.51,1.52]
[146,"Кронштейн аморт. передн. 2101 Харьков",5,"шт.",38.11,190.55,1.53,1.59]
[147,"Крышка расширительного бачка 2108 (LL 0108) Лузар",7,"шт.",90.64,634.48,1.61,1.65]
[148,"Крышка расширительного бачка LANOS (LL 0563) Лузар",1,"шт.",126.9,126.9,0.1,0.1]
[149,"Крышка расширительного бачка LANOS GENUINE",1,"шт.",69.63,69.63,0.02,0.02]
[150,"Кулак поворотный 2101 лев ВолгаАвтоПром",1,"шт.",619.70000000000005,619.70000000000005,0.59,0.61]
[151,"Лейка метал. 2101 (носик толстый прямой) Запорожье",2,"шт.",120.59,241.18,0.2,0.22]
[152,"Лейка метал. 2102 (носик толстый кривой) Запорожье",2,"шт.",120.59,241.18,0.24,0.26]
[153,"Лейка метал. 2108 (носик узкий кривой) Запорожье",2,"шт.",120.59,241.18,0.24,0.26]
[154,"Лейка метал. дизель (носик толстый прямой) Запорожье",1,"шт.",135.04,135.04,0.22,0.22]
[155,"Лейка метал. дизель БУС (носик толстый кривой) Запорожье",1,"шт.",135.04,135.04,0.2,0.2]
[156,"Лейка метал. Таврия,Газель (носик толстый горизонт.) Запорожье",1,"шт.",120.59,120.59,0.22,0.22]
[157,"Лейка-воронка D-160 мм, с гибким носиком 400 мм AIRLINE",1,"шт.",98.88,98.88,0.05,0.06]
[158,"Лейка-воронка непроливайка D-145 мм,с гибким носиком 390 мм AIRLINE",1,"шт.",82.4,82.4,0.05,0.06]
[159,"Лента стеклоочистителя  700mm (2шт) AIRLINE",2,"к-кт",144.07,288.13,0.13,0.13]
[160,"Лист зад доп 3302 1-лист ГАЗ",1,"шт.",1185.68,1185.68,5.88,6]
[161,"Личинки замка д+б в сб. 2104 (евро хром) ЛОГО-Д",1,"к-кт",295.70999999999998,295.70999999999998,0.92,0.93]
[162,"Личинки замка д+б в сб. 2105 (евро хром) ЛОГО-Д",2,"к-кт",235.23,470.45,1.82,1.84]
[163,"Личинки замка д+б в сб. 2108 (евро хром) ЛОГО-Д",8,"к-кт",248.67,1989.38,6.4,6.48]
[164,"Личинки замка д+б голые 2101 ЛОГО-Д",3,"к-кт",79.3,237.91,0.62,0.65]
[165,"Манометр 5 атм (пласт корпус) (APR-M-05) AIRLINE",2,"шт.",71.069999999999993,142.13999999999999,0.2,0.2]
[166,"Масло моторное GM  5W-30 (1л) DEXOS2 (EU)",1,"шт.",362.82,362.82,0.9,0.92]
[167,"Масло моторное GM 10W-40 (1л) (EU)",1,"шт.",261.92,261.92,0.91,0.92]
[168,"Масло моторное GM 10W-40 (2л) (EU)",1,"шт.",496.33,496.33,1.81,1.82]
[169,"Масло моторное GM 10W-40 (5л) (EU)",0,"шт.",1128.21," "," "," "]
[170,"Масло моторное ROLF  5W-20 SN ILSAC GF5 (1л) JP синт.",1,"шт.",302.08,302.08,0.96,0.97]
[171,"Масло моторное ROLF  5W-30 SN/CF (1л) GT",3,"шт.",312.7,902.7,2.88,2.92]
[172,"Масло моторное ROLF  5W-30 SN/CF (4л) GT",2,"шт.",969.9,1884.9,7.68,7.93]
[173,"Масло моторное ROLF  5W-40 SN/CF (1л) GT",3,"шт.",304.22000000000003,878.22,3,3.12]
[174,"Масло моторное ROLF  5W-40 SN/CF (4л) GT",5,"шт.",889,4498.34,20.95,21]
[175,"Масло моторное ROLF 10W-40 CI-4/CH-4/SL  (4л) Dynamic Diesel",1,"шт.",829,829,3.84,3.97]
[176,"Масло моторное ROLF 10W-40 SJ/CF  (1л) Dynamic",1,"шт.",222,222,0.96,0.97]
[177,"Масло моторное ROLF 10W-40 SJ/CF  (4л) Dynamic",15,"шт.",679,10185,57.6,58.05]
[178,"Масло моторное ROLF 10W-40 SL/CF (1л) Energy",2,"шт.",245,504.7,1.92,1.95]
[179,"Масло моторное ROLF 10W-40 SL/CF (4л) Energy",10,"шт.",749.89,7543.89,38.5,39.75]
[180,"Масло моторное SINTOIL 10W-40 SUPER SG/CD  (1л) п/синт.АКЦИЯ!",2,"шт.",89.75,179.5,1.84,1.85]
[181,"Масло моторное SINTOIL 10W-40 SUPER SG/CD  (4л) п/синт.АКЦИЯ!",0,"шт.",318.85000000000002," "," "," "]
[182,"Масло моторное SINTOIL 10W-40 SUPER SG/CD 100л (80кг) п/синт.",1,"шт.",7549,7549,80,87]
[183,"Масло трансмисс. MOBIS 75W-90 GL-4 синт. (1л)  (Корея)",4,"шт.",277.20999999999998,1108.8499999999999,3.6,3.68]
[184,"Масло трансмисс. SINTOIL 80W-85 (ТМ-4-12) GL-4 SAE (4л) минер.",4,"шт.",359.45,1437.8,15.04,15.13]
[185,"Масло трансмисс. Волга-Ойл ТЭп-15 нигрол SAE 90 GL-2  (1л) минер.",4,"шт.",68.38,273.52,3.92,4]
[186,"Масло трансмисс.автомат. MOBIS  ATF SP-III  (4л) п/синт. (Корея)",1,"шт.",1507.92,1507.92,3.68,3.72]
[187,"Масло трансмисс.автомат. MOBIS  ATF SP-III (1л) п/синт. (Корея)",1,"шт.",367.69,367.69,0.91,0.93]
[188,"Масло трансмисс.автомат. ROLF ATF Multivehicle (1л) синт.",1,"шт.",380.04,380.04,0.9,0.92]
[189,"Маслоприемник 2101 ВолгаАвтоПром",1,"шт.",161.19,161.19,0.27,0.28000000000000003]
[190,"Маховик 2108 АвтоВАЗ",1,"шт.",1701.83,1701.83,6.3,6.31]
[191,"Маятник 2101 на подшипниках Авто ЛТД",2,"шт.",429.9,847.96,2.2000000000000002,2.21]
[192,"Маятник 2101 на подшипниках БЗАК (Белебей)",1,"шт.",484.74,484.74,1.1499999999999999,1.1599999999999999]
[193,"Маятник 2121 на подшипниках  Авто ЛТД",1,"шт.",432.48,432.48,1.31,1.33]
[194,"Модуль зажигания ЛАНОС (SC 0563) СтартВольт",1,"шт.",1642.85,1642.85,1.36,1.37]
[195,"Мотор стеклопод пер Lanos левый (шест) (VWR 0547) СтартВольт",1,"шт.",997.04,997.04,0.6,0.61]
[196,"Мухобойка 2105 Azard",1,"к-кт",292.01,292.01,0.59,0.6]
[197,"Мухобойка 2106 Azard",2,"шт.",292.01,584.01,1.26,1.28]
[198,"Мухобойка 2107 Azard",1,"шт.",293.55,293.55,0.63,0.64]
[199,"Мухобойка 2113-15 VORON GLASS",1,"к-кт",321.36,321.36," "," "]
[200,"Мухобойка Lacetti (седан) Azard",1,"шт.",457.47,457.47,0.4,0.41]
[201,"Набор прок-к на двиг-ль 2106-21011(79) паронит (полный) ЭКОНОМ ВАТИ",1,"к-кт",245.89,245.89,0.7,0.71]
[202,"Набор резинок 2 шт. 60 см, D-8 мм (металлические крючки) AIRLINE",2,"к-кт",64.89,129.78,0.32,0.34]
[203,"Набор резинок 2 шт. 80 см, D-8 мм (металлические крючки) AIRLINE",2,"к-кт",74.16,148.32,0.4,0.44]
[204,"Накладка травмобезопасности белая 2106 (надлобник) Сызрань",1,"шт.",912.86,912.86,1.58,1.59]
[205,"Наклейка \"У\" 10шт.",2,"к-кт",31.58,63.16,0.08,0.08]
[206,"Наконечник 2101 короткий (2 шт.) СИЛИКОН Серия \"S\" АМТ",3,"к-кт",312.67,938,2.67,2.7]
[207,"Наконечник 2101 короткий (2шт) АвтоВАЗ (ВИС,ОАТ)",1,"к-кт",443.27,443.27,0.89,0.9]
[208,"Наконечник 2101 левый (1шт) АМТ",5,"шт.",194.36,971.81,3,3.05]
[209,"Наконечник 2101 правый (1шт) АМТ",1,"шт.",174.07,174.07,0.6,0.61]
[210,"Наконечник 2108 (2шт) АвтоВАЗ (ВИС,ОАТ)",2,"к-кт",476.92,953.83,1.78,1.8]
[211,"Наконечник рул Lacetti левый CTR ОРИГИНАЛ",1,"шт.",461.71,461.71,0.52,0.53]
[212,"Наконечник рул Lanos левый+правый CRВ",1,"к-кт",615.78,615.78,1.1000000000000001,1.1100000000000001]
[213,"Насос водяной 2108 (LWP 0108) Лузар",1,"шт.",827.09,827.09,0.79,0.82]
[214,"Насос водяной 2109 ВолгаАвтоПром",1,"шт.",573.21,573.21,0.74,0.79]
[215,"Насос водяной 402 (LWP 0302) Лузар",1,"шт.",1540.88,1540.88,0.87,0.88]
[216,"Насос стеклоомывателя 2110/1119/2123 (SWP 0110) СтартВольт",3,"шт.",130.30000000000001,390.89,0.33,0.36]
[217,"Натяжитель цепи 2101 ВолгаАвтоПром",1,"шт.",201.35,201.35,0.08,0.09]
[218,"Обивка двери 2101-2106 (кожа) (4ч.) Сызрань",2,"к-кт",442.52,885.05,8.6,8.8000000000000007]
[219,"Обивка потолка 2107 жесткая Сызрань",1,"шт.",1451.22,1451.22,1.05,1.06]
[220,"Обивка потолка 21099 жесткая Сызрань",1,"шт.",1761.21,1761.21,1.07,1.08]
[221,"Обратка 2110 БРТИ",2,"шт.",75.930000000000007,151.86000000000001,0.18,0.2]
[222,"Опора стойки 2170 (в уп) с подш-ком БРТИ (1шт)",2,"шт.",481.97,963.95,2.54,2.56]
[223,"Опора стойки верхняя пер Lanos ЛЕВАЯ KAP",0,"шт.",524.87," "," "," "]
[224,"Оптика 2103,06 (7412.3711100) ближний Освар",4,"шт.",180.52,722.09,1.44,1.48]
[225,"Отбойник передн. амортиз. Lanos БРТИ",2,"шт.",61.93,123.87,0.22,0.22]
[226,"Отбойник рессоры задней (подрессорника) 3302 ГАЗ",20,"шт.",34.590000000000003,691.84,0.2,0.2]
[227,"Отбойник рычага 2101зад. БРТИ",2,"шт.",41.19,82.38,0.18,1.84]
[228,"Палец сателитов 2108 АвтоВАЗ",3,"шт.",83.33,249.98,0.47,0.49]
[229,"Панель крепления радио 2105 Сызрань",5,"шт.",122.13,610.66,1,1.03]
[230,"Панель крепления радио 21083",1,"шт.",193.54,193.54,0.45,0.46]
[231,"Патрубок бензобака 2102, 2104 БРТИ",1,"шт.",88.7,88.7,0.3,0.31]
[232,"Патрубок бензобака 2121 БРТИ",1,"шт.",38.619999999999997,38.619999999999997,0.21,0.22]
[233,"Патрубок печки  2101 (LPKh 0101CR) (2 шт) Лузар",5,"к-кт",48.13,240.63,1.95,2]
[234,"Патрубок печки  2108 (салон. дл) БРТИ",1,"шт.",49.26,49.26,0.45,0.46]
[235,"Патрубок печки  2111 отвод. коротк БРТИ",2,"шт.",42.83,85.65,0.28000000000000003,0.3]
[236,"Патрубок печки  2111 подводящий БРТИ",2,"шт.",72,143.99,0.62,0.64]
[237,"Патрубок рад 1118 уголок (термостата) БРТИ",2,"шт.",71.510000000000005,143.03,0.2,0.2]
[238,"Патрубок рад 2105 алюм. (LPK 0105CR) (4 шт) Лузар",1,"к-кт",298.61,298.61,0.85,0.86]
[239,"Патрубок рад 2105 медь (LPK 0105c-CR) (4 шт) Лузар",2,"к-кт",289.33,578.65,2,2.04]
[240,"Патрубок рад 2108 верхний БРТИ",1,"шт.",130.80000000000001,130.80000000000001,0.12,0.13]
[241,"Патрубок рад 2108 низ БРТИ",1,"шт.",123.87,123.87,0.14000000000000001,0.15]
[242,"Патрубок рад 2108 расш. бачка БРТИ",4,"шт.",57.66,221.13,0.52,0.56000000000000005]
[243,"Патрубок рад 21082 инж низ БРТИ",2,"шт.",129.12,258.25,0.22,0.24]
[244,"Патрубок рад 21082 инж. верх БРТИ",2,"шт.",131.61000000000001,263.22000000000003,0.36,0.37]
[245,"Патрубок рад 2110 расш. бачка (пароотводящий) БРТИ",2,"шт.",60.43,120.86,0.18,0.2]
[246,"Патрубок рад 2112 верхний БРТИ",2,"шт.",126.04,252.08,0.4,0.41]
[247,"Патрубок рад 2112 низ БРТИ",2,"шт.",142.30000000000001,284.61,0.24,0.26]
[248,"Патрубок рад 2410 (4 шт) БРТИ",1,"к-кт",287.24,287.24,1.1000000000000001,1.1100000000000001]
[249,"Патрубок рад 3110, 402 дв. (4 шт) БРТИ",1,"к-кт",287.62,287.62,0.15,0.16]
[250,"Патрубок рад 3302, 406 дв. (5 шт) БРТИ",2,"к-кт",361.94,723.88,2.1800000000000002,2.2000000000000002]
[251,"Паук корзины 2101-07 (нов.обр) Запорожье",1,"шт.",100.89,100.89,0.23,0.24]
[252,"Передний цилиндр 2101 левый наруж АвтоВАЗ",1,"шт.",353.5,353.5,0.52,0.53]
[253,"Передний цилиндр 21214 правый н. о. под один шланг АвтоВАЗ",1,"шт.",1125.4000000000001,1125.4000000000001,0.6,0.61]
[254,"Подушка ДВС 2108 боковая (в сборе в короб.) БРТИ",1,"шт.",224.96,224.96,0.6,0.61]
[255,"Подушка ДВС 2108 задняя (в сборе) БРТИ",1,"шт.",343.94,343.94,0.5,0.51]
[256,"Подушка ДВС 2108 перед в сборе БРТИ",1,"шт.",498.65,498.65,0.93,0.94]
[257,"Подушка КПП  Волга,Газель БРТИ",3,"шт.",146.44,439.32,1.67,1.68]
[258,"Подушка КПП 2107  5-ти ступ.БРТИ",1,"шт.",90.33,90.33,0.79,0.8]
[259,"Подш-к выжимной 2101 н.о. (2121).Волга АвтоПром",3,"шт.",341.96,1045.79," "," "]
[260,"Подш-к выжимной 2101(2101-002Рс) в сборе ССД",2,"шт.",308.58,600.16999999999996,0.76,0.78]
[261,"Подш-к генератора 2101 малый (2101-001Pg) 180201 ССД",5,"шт.",48.01,240.07,0.3,0.35]
[262,"Пыльник рулевой рейки (гофра) 2108 БРТИ",1,"шт.",173.83,173.83,0.04,0.05]
[263,"Пыльник ШРУСа 1102 внутр н.о. (хомут+смазка) (1102-K11H) ССД",1,"шт.",150.04,150.04," "," "]
[264,"Пыльник ШРУСа 2108 нар с хомутом и смазкой БРТИ",4,"шт.",162.94999999999999,651.79999999999995,0.84,0.92]
[265,"Р/к глушителя (ромбик+крючок) 2101 к-т(3 шт) БРТИ",12,"к-кт",78.430000000000007,950.33,1.44,1.56]
[266,"Р/к катализатора (кольцо ГРАФИТ+пружинки+болты) 2110-12 ФОРМИКА",4,"к-кт",123.6,494.4,0.89,0.91]
[267,"Р/к ступицы 2101 передней (подш-ки) (2101-К01Рs) ССД",2,"шт.",348.1,696.2,0.96,0.98]
[268,"Р/к ступицы 2101 передней АвтоВАЗ",2,"к-кт",443.77,887.53,0.98,1]
[269,"Р/к цилиндра глав. торм 2101 БРТИ",9,"к-кт",48.83,439.47,0.45,0.47]
[270,"Рабочий цилиндр сцепления 2101 АвтоВАЗ",2,"шт.",329.39,658.79,0.74,0.76]
[271,"Радиатор конд.с ресивером ЛАНОС (LRAC CHLs0235) Лузар",1,"шт.",3806.88,3806.88,3.37,3.38]
[272,"Радиатор охлаждения 21082 инж.ДААЗ",2,"шт.",1514.32,3028.64,6.47,6.5]
[273,"Радиатор охлаждения 2170 (Приора) АМЗ",1,"шт.",1456.49,1456.49,2.98,2.99]
[274,"Радиатор печки 2105 алюм (РАС-ОТ2105) АМЗ",1,"шт.",625.4,625.4,0.87,0.88]
[275,"Разъём модуля зажигания 2111 н/о с проводом АХ-319 Cargen",3,"шт.",70.44,211.31,0.06,7.0000000000000007E-2]
[276,"Разъём топливопровода (пластик) прямой",4,"шт.",84.45,337.81,0.04,0.05]
[277,"Рамка под номерной знак \"Белая\" AIRLINE",1,"шт.",82.4,82.4,0.1,0.11]
[278,"Рамка под номерной знак \"Карбон\" AIRLINE",5,"шт.",111.91,559.55999999999995,0.5,0.55000000000000004]
[279,"Рамка под номерной знак \"Хром\" AIRLINE",3,"шт.",128.75,386.25,0.3,0.33]
[280,"Рамка под номерной знак (без надписи) AIRLINE",11,"шт.",44.29,487.19,0.99,1.1000000000000001]
[281,"Распределитель тормозов 2108 АвтоВАЗ",1,"шт.",803.07,803.07,0.68,0.69]
[282,"Реактивная тяга 2101 продольная (кости) АвтоВАЗ",2,"шт.",150.34,300.69,1,1.02]
[283,"Реактивная тяга 2101 продольная ПРАВАЯ  АвтоВАЗ",1,"шт.",269.27999999999997,269.27999999999997,1,1.01]
[284,"Регулятор холостого хода 2112 (VSM 0112) СтартВольт",2,"шт.",441.87,883.74,0.4,0.4]
[285,"Резонатор 1102  ЮТАС",3,"шт.",557.91,1673.73,11.1,11.1]
[286,"Резонатор 1103 (инж) ЮТАС",3,"шт.",538.79,1616.38,7.5,7.53]
[287,"Резонатор 1117-1118  ЮТАС",1,"шт.",1115.83,1115.83,3.53,3.54]
[288,"Резонатор 2103 (катаный) ЮТАС",1,"шт.",570.66999999999996,570.66999999999996,5.5,5.51]
[289,"Резонатор 21073 ЮТАС",1,"шт.",475.71,475.71,4.46,4.47]
[290,"Резонатор 2110 (16кл) до 2006г Евро-3  ЮТАС",1,"шт.",599.37,599.37,5.88,5.89]
[291,"Резонатор 2110 (16кл) после 2006г Евро-4 труба 56 см. ЮТАС",2,"шт.",653.57000000000005,1307.1300000000001,8.8000000000000007,8.82]
[292,"Резонатор 2110 (16кл) после 2007г Евро-5  ЮТАС",1,"шт.",653.57000000000005,653.57000000000005,3.77,3.78]
[293,"Резонатор 2110 (16кл) после 2007г. Евро-3  с гофрой  ЮТАС",1,"шт.",1148.33,1148.33,4.3600000000000003,4.37]
[294,"Резонатор Lanos/Sens ЮТАС",1,"шт.",707.76,707.76,4.4400000000000004,4.45]
[295,"Резонатор ГАЗ 2752 Соболь  ЮТАС",1,"шт.",485.58,485.58,5,5.01]
[296,"Реле поворотов 2105-07 4-х конт. (4422)  АвтоТрейд",4,"шт.",144.38,577.53,0.08,0.09]
[297,"Реле-регулятор напряжения 2108 (61-02) н.о.(без пров.)ЭНЕРГОМАШ Калуга",1,"шт.",200,200,0.04,0.05]
[298,"Реле-регулятор напряжения 2108 н.о. 24 без провода (аналог 571) АвтоТрейд",1,"шт.",142.93,142.93,0.04,0.05]
[299,"Реле-регулятор напряжения Lanos,Nexia 85A с.о. (13046240) CRB",1,"шт.",354.07,354.07,0.17,0.17]
[300,"Реле-регулятор напряжения Lanos,Nexia 85A с.о. EuroEx",1,"шт.",230.92,230.92,0.17,0.17]
[301,"Стеклоподъемник 2109 перед лев под электродвиг ДМЗ (Димитровоград)",1,"шт.",236.39,236.39,0.72,0.73]
[302,"Стеклоподъемник 2110 перед лев под электродвигатель ДМЗ",1,"шт.",236.39,236.39,0.73,0.73]
[303,"Стеклоподъемник 2110 перед прав под электродвигатель ДМЗ",1,"шт.",236.39,236.39,0.73,0.73]
[304,"Стеклоподъемник 3302 левый прямой стеклодержатель с роликом ДМЗ(Димит)",2,"шт.",343.44,686.88," "," "]